000 00633nam a2200241Ia 4500
003 OSt
005 20220918205741.0
006 a|||||r|||| 00| 0
007 ta
008 220917b |||||||| |||| 00| 0 eng d
024 _a117,721
037 _cTextual
040 _aARTS
_cARTS
_beng
041 _2eng
_aeng
082 _aZ1:(B9), K9
100 _aGal Gyula
_9115994
245 0 _aSpace law tr by I More
260 _aBudapest
_bAkademial Kaido
_c1969
300 _a320p.
_ccm.
650 _aINTERNATIONAL LAW; ASTRONOMY
_9115995
942 _hZ1:(B9), K9
_cTEXL
_2CC
999 _c241001
_d241001